| 000 | 00365nam a22001577a 4500 | ||
|---|---|---|---|
| 020 | _a978-1-407105-24-6 | ||
| 082 |
_a823 _bDOY/G |
||
| 100 | _aROWLING, J,K | ||
| 245 |
_aRODDY DOYLE _bSHORT STORY |
||
| 246 |
_aRODDY DOYLE _bSHORT STORY |
||
| 260 |
_aUK _bSCHOLASTIC LIMITED _c2000 |
||
| 300 | _a105 | ||
| 520 | _aSHORT STORY | ||
| 650 | _aSHORT STORY | ||
| 942 | _cBK | ||
| 999 |
_c1832 _d1832 |
||